Les Simpson - Cliquez sur le bon personnage - Statistiques

Statistiques générales
  • Ce quiz a été pris 889 fois
  • Le résultat moyen est 16 sur 25
Statistiques - réponses
Hint Réponse % Correct
joue du saxophone Lisa
90%
Milhouse en est amoureux Lisa
90%
adore faire du skate board Bart
89%
adore la bière Homer
89%
est le membre le plus gros de la famille Homer
89%
est le membre le plus jeune de la famille Maggie
89%
est végétarien(ne) Lisa
87%
a deux petites sœurs Bart
84%
son véritable prénom est Marjorie Marge
83%
son père est décédé Marge
79%
a vendu son âme à Milhouse Bart
76%
a deux grandes sœurs Marge
72%
est allé(e) dans l'espace Homer
69%
est devenu(e) un(e) artiste en ratant un barbecue Homer
67%
s'est perdu(e) en voulant prendre le bus tout(e) seul(e) Lisa
59%
a tiré sur Mr Burns Maggie
59%
est la personne la plus croyante de la famille Marge
58%
porte un collier rouge Marge
55%
est l'enfant de Kang dans un Horror Show Maggie
52%
n'a jamais mis les pieds à la centrale nucléaire Maggie
49%
est mauvais(e) au tennis Homer
47%
a obtenu un "A" a un contrôle d'astronomie Bart
40%
son père a une photo de lui ou d'elle à son boulot Maggie
38%
a préféré jouer à un jeu vidéo plutôt que de lire un livre pour l'école Lisa
18%
a défilé bourré(e) à la télévision lors de la Saint Patrick Bart
17%
Aucun quiz correspondant
Distribution des résultats
% des personnes avec chaque résultat
Percentile par nombre de réponses
Votre historique - résultats
Vous n’avez pas pris ce quiz